| 000 | 01197nam a2200265 a 4500 | ||
|---|---|---|---|
| 001 | BRCA_1680 | ||
| 005 | 20190320203514.0 | ||
| 008 | 990223s1999 nyua---##b---#001-0#eng-# | ||
| 020 | _a0847822141 | ||
| 020 | _a0872731383 | ||
| 040 |
_aDLC _cDLC _dDLC |
||
| 050 | 4 |
_aND237.J6 _b.C37 1999 |
|
| 100 | 1 |
_aCarbone, Teresa A. _95246 |
|
| 245 | 1 | 0 |
_aEastman Johnson _bPainting America _cTeresa A. Carbone, Patricia Hills ; with contributions by Jane Weiss, Sarah Burns, Anne C. Rose ; edited by Teresa A. Carbone. |
| 260 |
_aNew York _bBrooklyn Museum of Art : Rizzoli International Publications _c1999 |
||
| 300 |
_a272 p. _bil. (algunas a color) _c30 cm. |
||
| 500 | _aCatálogo de la exposición realizada en el the Brooklyn Museum of Art (Nueva York), 29 octubre 1999 - 6 febrero 2000 en San Diego Museum of Art, 26 febrero - 21 mayo 2000 y en Seattle Art Museum, 8 junio - 10 septiembre, 2000 | ||
| 500 | _aIncluye índice alfabético | ||
| 504 | _aBibliografía: p. 267 | ||
| 600 | 1 | 4 |
_aJohnson, Eastman _d1824-1906 _vExposiciones _xColecciones de arte _95247 |
| 700 | 1 |
_aJohnson, Eastman _d1824-1906 _95248 |
|
| 700 | 1 |
_aHills, Patricia _95249 |
|
| 700 | 1 |
_aWeiss, Jane _95250 |
|
| 942 |
_2lcc _cB |
||
| 999 |
_c1474 _d1474 |
||